Food engineering laboratory manual /

Guardado en:
Autor Principal: Barbosa-Cánovas, Gustavo V.
Otros Autores: Ma, Li, 1963-, Barletta, Blas.
Formato: Libro
Idioma:English
Publicado: Boca Raton : CRC Press : Technomic, c1997.
Materias:
Etiquetas: Agregar Etiqueta
Sin Etiquetas, Sea el primero en etiquetar este registro!
LEADER 00778nam a22002055a 4500
001 EIQ.libpla004265
008 120315s1997####flua#####b####001#0#eng##
005 20121120155330.0
245 1 0 |a Food engineering laboratory manual /  |c Gustavo V. Barbosa-Cánovas, Li Ma, Blas Barletta. 
260 |a Boca Raton :  |b CRC Press :  |b Technomic,  |c c1997. 
300 |a xiii, 141 p. :  |b il. ;  |c 23 cm. 
504 |a Incluye referencias bibliográficas e índice. 
020 |a 1566765412 
100 1 |a Barbosa-Cánovas, Gustavo V. 
700 1 |a Ma, Li,  |d 1963- 
700 1 |a Barletta, Blas. 
082 0 4 |a 664.00724  |2 21 
650 7 |a Tecnología alimentaria.  |x Análisis de alimentos  |x Laboratorio 
650 7 |a Food technology  |x Food analysis  |x Laboratory 
859 |a AR-BbSID  |b BIB. PLAPIQUI  |h 664.00724  |i B232  |p 6249